Countries with the Most Muslims in 2060 - Statistics

General Stats
  • This quiz has been taken 183 times
    72 since last reset
  • The average score is 9 of 10
Answer Stats
Population in 2060
Country
% Correct
253,450,000 Indonesia
97%
82,980,000 Iran
96%
134,380,000 Egypt
94%
333,090,000 India
94%
283,650,000 Pakistan
93%
94,000,000 Iraq
91%
283,160,000 Nigeria
87%
181,800,000 Bangladesh
85%
88,410,000 Turkey
85%
81,870,000 Afghanistan
70%
No matching quizzes found
Score Distribution
Percent of People with Each Score
Percentile by Number Answered
Your Score History
You have not taken this quiz since the last reset